000 00386nam a2200157Ia 4500
008 240729s9999 xx 000 0 und d
022 _a1947-4253
245 0 _aLithosphere
260 _aUnited States
260 _bGeoScienceWorld
650 _a Geology
650 _aScience
856 _uhttps://doaj.org/toc/662dde5985094f6d8e46c905fc28e347
942 _2ddc
942 _cDOAJEJ
999 _c70916
_d70916
945 _a1
_bMadushi Gamage
_c1
_dMadushi Gamage